00253nam a2200109Ia 4500008004100000100001400041245001300055260003700068650001400105942000700119999001700126190216s9999||||xx |||||||||||||| ||und|| aKhadar Ua 0aChangala bMathrubhumi Printing &publishing aMalayalam cBK c26592d26592